LEADER 00816nam--2200301---450- 001 990005831820203316 005 20130417123357.0 035 $a000583182 035 $aUSA01000583182 035 $a(ALEPH)000583182USA01 035 $a000583182 100 $a20130417d1974----km-y0itay50------ba 101 $aita$agrc 102 $aIT 105 $a||||||||001yy 200 1 $aMotivi tucididei in Procopio$fFritz Bornmann 210 $aFirenze$cFelice Le Monnier$d1974 215 $a15 p.$d25 cm 676 $a888.2 700 1$aBORNMANN,$bFritz$0161837 801 0$aIT$bsalbc$gISBD 912 $a990005831820203316 951 $aXV.8. 1622$b226486 L.M.$cXV.8. 959 $aBK 969 $aFSO 979 $aIANNONE$b90$c20130417$lUSA01$h1233 996 $aMotivi tucididei in Procopio$91088630 997 $aUNISA LEADER 01754nam 2200505 450 001 996339108003316 005 20230705142233.0 010 $a1-283-11513-1 010 $a9786613115133 010 $a1-905832-93-1 035 $a(MiAaPQ)EBC744447 035 $a(MiAaPQ)EBC4961478 035 $a(Au-PeEL)EBL4961478 035 $a(CaONFJC)MIL311513 035 $a(OCoLC)754709985 035 $a(PPN)267640889 035 $a(EXLCZ)992670000000107623 100 $a20140904h20112011 uy 0 101 0 $aeng 135 $aurcnu|||||||| 181 $2rdacontent 182 $2rdamedia 183 $2rdacarrier 200 10$aFast Facts : Rheumatoid Arthritis /$fJohn D. Isaacs and Larry W. Moreland 205 $aSecond edition 210 1$aAbingdon, Oxford :$cHealth Press Limited,$d2011. 210 4$dİ2011 215 $a1 online resource (118 pages) 225 1 $aFast Facts 311 $a1-905832-91-5 320 $aIncludes bibliographical references and index. 327 $aCover -- Introduction -- Chapter 1: The normal joint -- Chapter 2: Etiology -- Chapter 3: Pathogenesis -- Chapter 4: Epidemiology -- Chapter 5: Clinical features -- Chapter 6: Investigation -- Chapter 7: Assessment -- Chapter 8: Management - traditional measures -- Chapter 9: Management - biological therapies -- Chapter 10: Therapeutic developments -- Useful addresses -- Index. 410 0$aFast facts. 606 $aRheumatoid arthritis 615 0$aRheumatoid arthritis. 676 $a616.7227 700 $aIsaacs$b John$01016325 702 $aMoreland$b Larry 801 0$bMiAaPQ 801 1$bMiAaPQ 801 2$bMiAaPQ 906 $aBOOK 912 $a996339108003316 996 $aFast facts$92377473 997 $aUNISA